000 01237nam a2200349 a 4500
001 000025640
005 20200930023933.0
008 110218s1976 ag a r 000 0 spa d
040 _aDO-SdBNP
_bspa
_cBNPHU
041 1 7 _aspa
_heng
_2Código de idiomas MARC
082 _ann*
_bnn*
240 1 0 _aWho designs America?
_lEspañol
245 0 1 _a¿Quién diseña a Estados Unidos? /
_cLaurence B. Holland... [et al.] ; traducción de José Rey Pastor.
260 _aBuenos Aires :
_bInfinito,
_c1976.
300 _a271 p. :
_bil. ;
_c23 cm.
490 1 _aBiblioteca de Diseño y Artes Visuales.
_v13
534 _aTítulo del original inglés :
_tWho designs America?
700 1 _aPastor, José Rey,
_etr.
_952362
700 1 _aHolland, Laurence B.
_99899
700 1 _aLanger, Susanne K.
_952363
700 1 _aWard, John William.
_952364
700 1 _aPushkarev, Boris.
_952365
700 1 _aLynch, Kevin.
_952366
700 1 _aGruen, Victor.
_952367
700 1 _aColbert, Charles.
_952368
700 1 _aLogue, Edward J.
_952369
700 1 _aLatham, Richard S.
_952370
700 1 _aOsmond, Humphry.
_952371
700 1 _aLarrabee, Eric.
_952372
830 0 _aBiblioteca de Diseño y Artes Visuales
_v13
_952373
049 _aBNGR
999 _c25132
_d25132